Cities by Sports Teams. - Statistics

General Stats
  • This quiz has been taken 779 times
    764 since last reset
  • The average score is 12 of 15
Answer Stats
Hint Answer % Correct
Celtics Boston
99%
Dolphins Miami
97%
Jets New York
96%
49ers San Francisco
92%
Seahawks Seattle
91%
Dodgers Los Angeles
88%
Texans Houston
87%
Phillies Philadelphia
87%
Lions Detroit
86%
Suns Phoenix
84%
Thunder Oklahoma City
83%
Rays Tampa
78%
Titans Nashville
61%
Bobcats Charlotte
56%
Beavers Portland
25%
No matching quizzes found
Score Distribution
Percent of People with Each Score
Percentile by Number Answered
Your Score History
You have not taken this quiz since the last reset